| 000 | 00367nam a2200157Ia 4500 | ||
|---|---|---|---|
| 008 | 230312s9999||||xx |||||||||||||| ||und|| | ||
| 020 | _a1-55166-067-9 | ||
| 082 |
_a813.54 _bALL-S |
||
| 100 | _aAllen,Charlotie.Vale | ||
| 245 | 0 | _aSomebody's Baby | |
| 260 |
_bMira books _aUSA _c1995 |
||
| 300 | _a400 | ||
| 546 | _aEng. | ||
| 650 |
_aLiterature _vNovel |
||
| 942 | _cBK | ||
| 999 |
_c6327 _d6327 |
||